|
|
|
|
| LEADER |
00711nam a2200205 a 4500 |
| 001 |
c000090013 |
| 003 |
CARM |
| 005 |
00000000000000.0 |
| 008 |
930512s1953 enk 00011 eng d |
| 019 |
1 |
|
|a 10000291
|5 LACONCORD2021
|
| 035 |
|
|
|a (OCoLC)30169400
|5 LACONCORD2021
|
| 040 |
|
|
|a VLINC
|c VLINC
|
| 100 |
1 |
|
|a Spicer, Bart,
|d 1918-
|
| 245 |
1 |
0 |
|a Shadow of fear /
|c by Bart Spicer.
|
| 260 |
|
|
|a London :
|b Collins,
|c 1953.
|
| 300 |
|
|
|a 192 p. ;
|c 19 cm.
|
| 852 |
8 |
|
|b CARM
|h A2:AO13A0
|i A01216
|p 0117823
|f BK
|
| 082 |
0 |
4 |
|a 823.914
|2 20
|
| 999 |
f |
f |
|i bad0f4a6-dc18-55b3-9287-2385a67b1b98
|s b8e00fbb-b2f7-5da6-9b6d-94f7e494ce4f
|
| 952 |
f |
f |
|p Can circulate
|a CAVAL
|b CAVAL
|c CAVAL
|d CARM 1 Store
|e A01216
|f A2:AO13A0
|h Other scheme
|i book
|m 0117823
|